Popes from the French Revolution to the Present - Statistics

General Stats
  • This quiz has been taken 125 times
  • The average score is 15 of 17
Answer Stats
Hint Answer % Correct
Aug. - Sept. 1978 Pope John Paul I
99%
1978-2005 Pope St. John Paul II
99%
2013-Present Pope Francis I
98%
1914-1922 Pope Benedict XV
96%
2005-2013 Pope Benedict XVI
96%
1846-1878 Pope Pius IX
93%
1775-1799 Pope Pius VI
93%
1800-1823 Pope Pius VII
93%
1829-1830 Pope Pius VIII
93%
1922-1939 Pope Pius XI
93%
1939-1958 Pope Pius XII
93%
1903-1914 Pope St. Pius X
93%
1963-1978 Pope Paul VI
90%
1823-1829 Pope Leo XII
82%
1878-1903 Pope Leo XIII
82%
1831-1846 Pope Gregory XVI
74%
1958-1963 Pope St. John XXIII
68%
No matching quizzes found
Score Distribution
Percent of People with Each Score
Percentile by Number Answered
Your Score History
You have not taken this quiz